Stolice po fladze - Statystyki

Ogólne statystyki
  • Ten quiz został rozwiązany 9 razy
  • Średni wynik to 195 z 196
Statystyki odpowiedzi
Obrazkowy Odpowiedź % Poprawnych
Abudża
100%
Abu Zabi
100%
Addis Abeba
100%
Akra
100%
Algier
100%
Amman
100%
Amsterdam
100%
Andora
100%
Ankara
100%
Antananarywa
100%
Apia
100%
Asmara
100%
Asuncion
100%
Aszchabad
100%
Ateny
100%
Bagdad
100%
Baku
100%
Bamako
100%
Bandar Seri Begawan
100%
Bandżul
100%
Bangi
100%
Bangkok
100%
Bejrut
100%
Belgrad
100%
Belmopan
100%
Berlin
100%
Berno
100%
Bissau
100%
Biszkek
100%
Bogota
100%
Brasilia
100%
Bratysława
100%
Brazzaville
100%
Bridgetown
100%
Bruksela
100%
Budapeszt
100%
Buenos Aires
100%
Bukareszt
100%
Canberra
100%
Caracas
100%
Chartum
100%
Dakar
100%
Damaszek
100%
Dhaka
100%
Dili
100%
Dodoma
100%
Doha
100%
Dublin
100%
Duszanbe
100%
Dżakarta
100%
Dżibuti
100%
Dżuba
100%
Erywan
100%
Freetown
100%
Funafuti
100%
Gaborone
100%
Georgetown
100%
Gitega
100%
Gwatemala
100%
Hanoi
100%
Harare
100%
Hawana
100%
Helsinki
100%
Honiara
100%
Islamabad
100%
Jerozolima
100%
Kabul
100%
Kair
100%
Kampala
100%
Katmandu
100%
Kigali
100%
Kijów
100%
Kingston
100%
Kinszasa
100%
Kiszyniów
100%
Konakry
100%
Kopenhaga
100%
Kuala Lumpur
100%
Kuwejt
100%
La Paz / Sucre
100%
Libreville
100%
Lilongwe
100%
Lima
100%
Lizbona
100%
Lome
100%
Londyn
100%
Luanda
100%
Lublana
100%
Luksemburg
100%
Lusaka
100%
Madryt
100%
Majuro
100%
Malabo
100%
Male
100%
Managua
100%
Manama
100%
Manila
100%
Maputo
100%
Maseru
100%
Maskat
100%
Mbabane
100%
Meksyk
100%
Mińsk
100%
Mogadiszu
100%
Monako
100%
Monrovia
100%
Montevideo
100%
Moroni
100%
Moskwa
100%
Nairobi
100%
Nassau
100%
Nawakszut
100%
Naypyidaw
100%
Ndżamena
100%
Ngerulmud
100%
Niamey
100%
Nikozja
100%
Nowe Delhi
100%
Nuku'alofa
100%
Nursułtan / Astana
100%
Oslo
100%
Ottawa
100%
Palikir
100%
Panama
100%
Paramaribo
100%
Paryż
100%
Pekin
100%
Phnom Penh
100%
Pjongjang
100%
Podgorica
100%
Port-au-Prince
100%
Port Louis
100%
Port Moresby
100%
Port of Spain
100%
Port Vila
100%
Praga
100%
Praia
100%
Pretoria / Kapsztad / Bloemfontein
100%
Prisztina
100%
Quito
100%
Rabat
100%
Reykjavik
100%
Rijad
100%
Roseau
100%
Ryga
100%
Rzym
100%
Saint George's
100%
Saint John's
100%
Sana
100%
San Jose
100%
San Marino
100%
San Salvador
100%
Santiago
100%
Santo Domingo
100%
Sao Tome
100%
Sarajewo
100%
Seul
100%
Singapur
100%
Skopje
100%
Sofia
100%
Sri Dźajawardanapura Kotte
100%
Suva
100%
Sztokholm
100%
Tajpej
100%
Tallinn
100%
Tarawa
100%
Taszkent
100%
Tbilisi
100%
Tegucigalpa
100%
Teheran
100%
Thimphu
100%
Tirana
100%
Tokio
100%
Trypolis
100%
Tunis
100%
Ułan Bator
100%
Vaduz
100%
Valletta
100%
Victoria
100%
Wagadugu
100%
Warszawa
100%
Waszyngton
100%
Watykan
100%
Wellington
100%
Wieden
100%
Wientian
100%
Wilno
100%
Windhuk
100%
Yaren
100%
Zagrzeb
100%
Castries
83%
Jamusukro
83%
Jaunde
83%
Kingstown
83%
Porto-Novo
83%
Basseterre
67%
Nie znaleziono quizów pasujących do podanych kryteriów
Rozkład punktacji
Procent ludzi z każdym wynikiem
Percentyl według liczby udzielonych odpowiedzi
Twoja historia wyników
Nie rozwiązałeś tego quizu